000 00419nam a2200157Ia 4500
008 230312s9999||||xx |||||||||||||| ||und||
020 _a0 273 03236 4
082 _a658
_bMUH
100 _aMuhlemann Alan
245 0 _aProduction and Operations Management
260 _bPitman
_aUK
_c1995
300 _a566
546 _aEng.
650 _aManagement
_vstrategy and interfaces,production operations strategy
942 _cBK
999 _c985
_d985